| 000 | 00799cab a2200253 4500 | ||
|---|---|---|---|
| 001 | ABS48107 | ||
| 008 | 090401t1993 xxu||||| |||| 00| 0 eng d | ||
| 035 | _a(Sirsi) u65023 | ||
| 041 | _aeng | ||
| 100 | _aBlackhall, J.C. | ||
| 245 | _aPublicity for planning applications | ||
| 260 | _c1993 | ||
| 350 | _a0 | ||
| 490 |
_aThe Planner _v79(2) February 1993, 23-25(3) |
||
| 520 | _aExtends the theme of DoE Circular 15/92 to explore further methods of publicising applications and notifying the public of decisions, and offers guidance on good practice. | ||
| 650 | _aDEVELOPMENT CONTROL | ||
| 650 | _aDOE CIRCULAR 15/1992 | ||
| 650 | _aPLANNING APPLICATIONS | ||
| 650 | _aPUBLICITY | ||
| 650 | _aRESEARCH | ||
| 690 | _aPLANNING LAW AND PRACTICE | ||
| 942 | _n0 | ||
| 948 | _c04/03/1997 | ||
| 999 |
_c40525 _d40525 |
||